MARC details
| 000 -LEADER |
| fixed length control field |
00868nam a2200313#a 4500 |
| 001 - CONTROL NUMBER |
| control field |
00830 |
| 003 - CONTROL NUMBER IDENTIFIER |
| control field |
HDC |
| 007 - PHYSICAL DESCRIPTION FIXED FIELD--GENERAL INFORMATION |
| fixed length control field |
ta |
| 008 - FIXED-LENGTH DATA ELEMENTS--GENERAL INFORMATION |
| fixed length control field |
230623s2004 xx 000 0 eng d |
| 020 ## - INTERNATIONAL STANDARD BOOK NUMBER |
| International Standard Book Number |
1405116277 (hbk.). |
| 040 ## - CATALOGING SOURCE |
| Original cataloging agency |
HDC |
| 050 ## - LIBRARY OF CONGRESS CALL NUMBER |
| Classification number |
QP 456 |
| Item number |
.F56 2004 |
| 245 #0 - TITLE STATEMENT |
| Title |
Flavor perception / |
| Statement of responsibility, etc. |
edited by Andrew J. Taylor, Deborah Roberts. |
| 264 ## - PRODUCTION, PUBLICATION, DISTRIBUTION, MANUFACTURE, AND COPYRIGHT NOTICE |
| Place of production, publication, distribution, manufacture |
Ames, Iowa, USA : |
| 264 ## - PRODUCTION, PUBLICATION, DISTRIBUTION, MANUFACTURE, AND COPYRIGHT NOTICE |
| Place of production, publication, distribution, manufacture |
Oxford, UK |
| Name of producer, publisher, distributor, manufacturer |
Blackwell Pub., |
| Date of production, publication, distribution, manufacture, or copyright notice |
c2004. |
| 300 ## - PHYSICAL DESCRIPTION |
| Extent |
xvii,283p. : |
| Other physical details |
ill. ; |
| Dimensions |
25cm. |
| 500 ## - GENERAL NOTE |
| General note |
Includes bibliographical references and index. |
| 650 ## - SUBJECT ADDED ENTRY--TOPICAL TERM |
| Topical term or geographic name entry element |
Chemical senses. |
| 650 ## - SUBJECT ADDED ENTRY--TOPICAL TERM |
| Topical term or geographic name entry element |
Chemoreceptors. |
| 650 ## - SUBJECT ADDED ENTRY--TOPICAL TERM |
| Topical term or geographic name entry element |
Flavor. |
| 650 ## - SUBJECT ADDED ENTRY--TOPICAL TERM |
| Topical term or geographic name entry element |
Taste. |
| 700 ## - ADDED ENTRY--PERSONAL NAME |
| Personal name |
Roberts, Deborah D., |
| Dates associated with a name |
1969- |
| 700 ## - ADDED ENTRY--PERSONAL NAME |
| Personal name |
Roberts, Deborah D., |
| Dates associated with a name |
1969- |
| 700 ## - ADDED ENTRY--PERSONAL NAME |
| Personal name |
Taylor, A. J. |
| Fuller form of name |
(Andrew John), |
| Dates associated with a name |
1951- |
| 942 ## - ADDED ENTRY ELEMENTS (KOHA) |
| Source of classification or shelving scheme |
Library of Congress Classification |
| 942 ## - ADDED ENTRY ELEMENTS (KOHA) |
| Koha item type |
Book |
| 942 ## - ADDED ENTRY ELEMENTS (KOHA) |
| Call number prefix |
QP 456 |
| 942 ## - ADDED ENTRY ELEMENTS (KOHA) |
| Call number suffix |
.F56 2004 |